Central Library OPAC University of Rajshahi

Political Terror in Communist Systems / (Record no. 58973)

MARC details
000 -LEADER
fixed length control field 00765nam a2200253 a 4500
001 - CONTROL NUMBER
control field 58973
003 - CONTROL NUMBER IDENTIFIER
rucl marc code BD-RjUL
005 - DATE AND TIME OF LATEST TRANSACTION
control field 20211209080659.0
008 - FIXED-LENGTH DATA ELEMENTS--GENERAL INFORMATION
fixed length control field 161220s1970 cau 000 0 eng
020 ## - INTERNATIONAL STANDARD BOOK NUMBER
International Standard Book Number 0804707278
International Standard Book Number 0804710856
035 ## - SYSTEM CONTROL NUMBER
System control number (BD-RjUL)59097
040 ## - CATALOGING SOURCE
Original cataloging agency BD-RjUL
Language of cataloging eng
Transcribing agency BD-RjUL
Modifying agency BD-RjUL
041 ## - LANGUAGE CODE
Language code of text/sound track or separate title eng
082 04 - DEWEY DECIMAL CLASSIFICATION NUMBER
Classification number 335.437
Edition number 23
Author mark and year DAP 1970
100 1# - MAIN ENTRY--PERSONAL NAME
Personal name Dallin, Alexander
9 (RLIN) 175364
245 10 - TITLE STATEMENT
Title Political Terror in Communist Systems /
Statement of responsibility, etc. Alexander Dallin, George W. Breslauer
260 ## - PUBLICATION, DISTRIBUTION, ETC. (IMPRINT)
Place of publication, distribution, etc. Palo Alto :
Name of publisher, distributor, etc. Stanford University Press,
Date of publication, distribution, etc. 1970
300 ## - PHYSICAL DESCRIPTION
Pagination xi, 172 p. ;
Size 20 cm
504 ## - BIBLIOGRAPHY, ETC. NOTE
Bibliography, etc Includes Bibliographical References and Index
650 ## - SUBJECT ADDED ENTRY--TOPICAL TERM
Topical term or geographic name as entry element Communist
9 (RLIN) 175365
700 1# - ADDED ENTRY--PERSONAL NAME
Personal name Breslauer, George W.
942 ## - ADDED ENTRY ELEMENTS (KOHA)
Source of classification or shelving scheme Dewey Decimal Classification
Koha item type Books
Holdings
Lost status Source of classification or shelving scheme Damaged status Not for loan Collection code Permanent Location Current Location Shelving location Date acquired Total Checkouts Full call number Date last seen Copy number Koha item type
  Dewey Decimal Classification   Not For Loan Non-fiction Central Library, University of Rajshahi Central Library, University of Rajshahi Reading Room 09/06/1990   335.437 DAP 1970 20/12/2016 C-1 Books